000 00548nam a2200193Ia 4500
005 20250508154700.0
008 008 250505s9999 xx 000 0 eng d
037 _aTextual
040 _aFEDL
_beng
_cFEDL
041 _aeng
_2eng
084 _a025.3, QUI
_qFEDL
100 _aQuigg Ala P J
_9765857
245 0 _aTheory of cataloguing: An examination guidbook
260 _aBombay, India
_bAsia Publishing House
_c1966
300 _a88p
650 _aLibrary science
942 _cTEXL
_h025.3, QUI
999 _c1351580
_d1351580